000 00493nam a2200145 4500
001 3596
005 20181127171552.0
090 0 0 _a324.23 D7949ma
245 0 0 _aManifesto :
_bTowards self-reliance with equity & justice /
_cDruk Phuensum Tshogpa.
_h
260 0 0 _aThimphu :
_bDruk Phuensum Tshogpa,
_c2013.
300 0 0 _a123 p. : col. ill. ; 30 cm.
500 0 0 _aSecond Parliamentary Election 2013-2018.
650 0 0 _aBhutan --Politics and government --2013-2018.
_x
690 _aDruk Phuensum Tshogpa.
999 _c2929
_d2929